000 00414nam a2200169Ia 4500
008 230524s9999 xx 000 0 und d
020 _a8129701073
082 _a621.38
_bTON
100 _aWayne Tomasi
245 0 _aAdvanced Electronic Communications Systems
250 _a6TH
260 _aNEW DELHI
_bPearson
_c2004
300 _a654
500 _aQuantity Number: 11
650 _aElectronics
942 _cBK
999 _c1518
_d1518